000 00824nam a22002777i 4500
003 DO-SdBNP
005 20250512100746.0
007 ta
008 250512b1994 |||||||| |||| 00| 0 spa d
040 _aDO-SdBNP
_bspa
_cBNPHU
_erda
041 _hspa
082 _axxx
_bR426c
_222
100 _986170
110 _aRepública Dominicana.
_bAsociación Médica Dominicana
_987735
245 1 _aConcurso literario 103 aniversario AMD
264 _aSanto Domingo :
_bAsociación Médica Dominicana
_c1994
300 _a247 página ;
_c21 cm
336 _ardacontent
_btexto
_2txt
337 _ardamedia
_bsin mediación
_2n
338 _ardacarrier
_bvolumen
_2nc
490 _aAMD-Centenaria ;
_v6
590 _aInventariado, 2025/DG
710 _aAsociación Médica Dominicana
_916565
910 _aDG
942 _2ddc
_cLBS1
999 _c58998
_d58998